000 01571nam a22002897a 4500
003 PE SENCICO BE
005 20251020182621.0
008 221128b2014 |||a|||| |||| 00| 0 eng d
020 _a978-958-8897-01-1
040 _aPE SENCICO BE
_cPE SENCICO BE
041 _aspa
080 _a526.9
_bT
245 1 _aTopografía aplicada para ingenieros /
_cClara Judyth Botía Flechas, Rubby Stella Pardo Pinzón, Mariam Rivas Diazgranados ...[y otros]
260 _aBogotá :
_bUniversidad distrital Francisco José de Caldas,
_c2014
300 _a294 p.:
_bdiagrs, tabls.,
_c24 cm.
505 0 _aConcepto básico de topografía -- Funciones del profesional en topografía -- Mediciones en topografía -- Medición con cinta y materialización de puntos -- Levantamiento con cintas -- Determinación con cintas -- Levantamiento por radiación -- Métodos para la realización de poligonales -- Levantamiento de poligonal cerrada -- Nivelación geométrica -- Dibujo topográfico
520 3 _aReúne los conceptos teóricos y prácticos de topografía, la descripción y el desarrollo de los métodos para la ejecución de levantamientos topográficos y sus aplicaciones y especificaciones.
650 1 0 _aTopografía
_94
650 2 0 _aLevantamiento topográfico
_9116
650 2 0 _aGeodesia
_92
700 1 _9129
_aBotía Flechas, Clara Judyth
_eautor
700 1 _9130
_aPardo Pinzón, Rubby Stella
_eautor
700 1 _9131
_aRivas Diazgranados, Mariam
_eautor
910 _ahfp
_bhfp
_chfp
942 _2ddc
_cLIB
_h526.9
_iT
999 _c3651
_d3651